Culture générale ! Une image... Un des... (12) - Statistiques

Statistiques générales
  • Ce quiz a été pris 82 fois
  • Le résultat moyen est 6 sur 20
Statistiques - réponses
Par images Hint Réponse % Correct
signes du zodiaque chinois Cheval
73%
préfectures d'Occitanie Nîmes
67%
bâtiments typique du nord de la France et de Belgique Beffroi
57%
clés en musique fa
49%
rois de France François 1er
46%
académiciennes françaises Marguerite Yourcenar
46%
types de pâtes alimentaires Cannelloni
41%
instruments de mesure du temps cadran solaire
37%
présentateurs du journal télévisé Yves Mourousi
27%
races de chien lévrier afghan
26%
des princesses héritières d'Europe (pays) Belgique
21%
serpents les plus dangereux du monde cobra royal
20%
albums d'Astérix (titre) Le devin
20%
parcours du Tour de France (année) 1919
10%
couverts pinces à escargot
7%
premiers dessins d'un album de Tintin (titre) Les cigares du Pharaon
4%
chefs de cuisine Raymond Oliver
3%
peintres italiens Sandro Boticelli
1%
types de marteau (métier) vitrier
1%
constructions religieuses oratoire
0%
Aucun quiz correspondant
Distribution des résultats
% des personnes avec chaque résultat
Percentile par nombre de réponses
Votre historique - résultats
Vous n’avez pas pris ce quiz